El ambiente en las sociedades precolombinas /
Guardado en:
| Autor Principal: | |
|---|---|
| Formato: | Libro |
| Publicado: |
Buenos Aires :
Conicet,
1996
|
| Series: | Pro Ciencia
|
| Materias: | |
| Etiquetas: |
Agregar Etiqueta
Sin Etiquetas, Sea el primero en etiquetar este registro!
|
| LEADER | 01213nam a22002775a 4500 | ||
|---|---|---|---|
| 001 | CEM.cems009559 | ||
| 005 | 20080828084323.0 | ||
| 008 | 130507s1996##################000#0#####d | ||
| 003 | CEMS | ||
| 020 | |a 9506870241 | ||
| 082 | 0 | 4 | |a 980.01 |
| 100 | 1 | |a Brailovsky, Antonio Elio | |
| 245 | 1 | 0 | |a El ambiente en las sociedades precolombinas / |c Antonio Elio Brailovsky |
| 260 | |a Buenos Aires : |b Conicet, |c 1996 | ||
| 300 | |a 79 p. | ||
| 490 | 0 | |a Pro Ciencia | |
| 500 | |a Red Federal de Formación Docente Continuaprograma de Perfeccionamiento Docente | ||
| 505 | 0 | |a Ambiente y ecología en América -- El ambiente en la prehistoria de América -- El ambiente en Mesoamérica -- El ambiente en América del Sur -- El ambiente en América del Norte -- La adaptación humana a las condiciones extremas: los habitantes del frío | |
| 653 | |a Historia | ||
| 653 | |a Historia de américa | ||
| 653 | |a Culturas precolombinas | ||
| 653 | |a Historia de américa-época precolombina | ||
| 859 | |a CEMS |b BIB. CEMS - 11 de abril |h 980.01 |i B73 |p 19375.97 |t Ej.1 | ||
| 859 | |a CEMS |b BIB. CEMS - 11 de abril |h 980.01 |i B73 |p 19376.97 |t Ej.2 | ||
| 859 | |a CEMS |b BIB. CEMS - 11 de abril |h 980.01 |i B73 |p 19377.97 |t Ej.3 | ||
| 859 | |a CEMS |b BIB. CEMS | ||
